Soil physics (Record no. 11539)
[ view plain ]
| 000 -LEADER | |
|---|---|
| fixed length control field | 00493 a2200229 4500 |
| 035 ## - SYSTEM CONTROL NUMBER | |
| System control number | 380 |
| 100 ## - VEDETTE PRINCIPALE - NOM DE PERSONNE | |
| Personal name | BAVER, Léonard David |
| 130 ## - VEDETTE PRINCIPALE - TITRE UNIFORME | |
| Language of a work | An. |
| 260 ## - PUBLICATION, DISTRIBUTION, ETC. (IMPRINT) | |
| Place of publication, distribution, etc | New-York |
| 260 ## - PUBLICATION, DISTRIBUTION, ETC. (IMPRINT) | |
| Name of publisher, distributor, etc | Wiley |
| 245 ## - TITLE STATEMENT | |
| Title | Soil physics |
| 260 ## - PUBLICATION, DISTRIBUTION, ETC. (IMPRINT) | |
| Date of publication, distribution, etc | 1972 |
| 250 ## - EDITION STATEMENT | |
| Edition statement | 4e éd. |
| 300 ## - PHYSICAL DESCRIPTION | |
| Extent | XX, 498 p. |
| 300 ## - PHYSICAL DESCRIPTION | |
| Other physical details | ill. ; 23 cm |
| 500 ## - GENERAL NOTE | |
| General note | Includes bibliographies |
| 700 ## - ADDED ENTRY--PERSONAL NAME | |
| Personal name | GARDNER, Walter H. |
| 700 ## - ADDED ENTRY--PERSONAL NAME | |
| Personal name | GARDNER, Wilford R. |
| Withdrawn status | Lost status | Damaged status | Not for loan | Location (home branch) | Sublocation or collection (holding branch) | Date acquired | Source of acquisition | Koha issues (times borrowed) | Koha full call number | Piece designation (barcode) | Koha date last seen | Copy number | Koha item type |
|---|---|---|---|---|---|---|---|---|---|---|---|---|---|
| Bibliothèque Ecole Polytechnique d'Abomey-Calavi | Bibliothèque Ecole Polytechnique d'Abomey-Calavi | 27/02/2009 | EPAC | 631.4/B | 20940EPAC | 27/02/2009 | 1 | Livre |